Quiz o Brawl Stars! - Statystyki

Ogólne statystyki
  • Ten quiz został rozwiązany 296 razy
    210 od ostatniego zresetowania
  • Średni wynik to 9 z 12
Statystyki odpowiedzi
Zagadnienie Odpowiedź % Poprawnych
Który z nich jest zadymiarzem początkowym? Shelly
100%
Jak się poprawnie pisze .... Hank
96%
Ile jest zadymiarzy początkowych? 1
93%
Który z nich jest legendą? Kruk
93%
Która z nich to mama Jessie? Pam
89%
Ktory jest zabójcą? Edgar
79%
Który z nich używa tego samego jako atak i ult? Frank
79%
Który z nich nie istnieje? Shely
71%
Która dwójka to para zakochanych? Angelo, Willow
68%
Jest więcej zadymiarzy niż.... 70
32%
W opisie którego zadymiarza jest napisane że mało śpi? Frank
32%
Czy się ma od razu skin ''ROZBÓJNICZKA SHELLY'' tuż po zainstalowaniu Brawl Stars? Zależy kiedy zainstalowałeś(aś) Brawl Stars
29%
Nie znaleziono quizów pasujących do podanych kryteriów
Rozkład punktacji
Procent ludzi z każdym wynikiem
Percentyl według liczby udzielonych odpowiedzi
Twoja historia wyników
Nie rozwiązałeś tego quizu od ostatniego zresetowania